| 000 | 00757nam a2200265Ia 4500 | ||
|---|---|---|---|
| 008 | 160319s9999 xx 000 0 und d | ||
| 020 | _a978-971-27-2451-0 | ||
| 050 | _aFIL PE 1112 | ||
| 050 | _b.H33C6 2010 | ||
| 100 | _aHabana, Pacita, I. | ||
| 245 | _aCollege English for today 2 : | ||
| 245 | _ba new edition / | ||
| 245 | _cPacita I. Habana, Alicia L. Cinco. | ||
| 260 | _aPasig City : | ||
| 260 | _bAnvil Pub.. Inc., | ||
| 260 | _c2010 | ||
| 300 | _a242 pages : | ||
| 300 | _billustrations ; | ||
| 300 | _c25 cm. | ||
| 500 | _aIncludes bibliographical references. | ||
| 650 | _aEnglish language -- Composition. | ||
| 650 | _aEnglish language -- Grammar. | ||
| 650 | _xEnglish language -- | ||
| 650 | _xEnglish language -- Usage. | ||
| 999 |
_c291745 _d291745 |
||